Bảo hiến ở Việt Nam

Bảo hiến là bảo vệ Hiến pháp trước hành vi xâm phạm Hiến pháp của công quyền. Trong tiến trình xây dựng Nhà nước pháp quyền ở Việt Nam hiện nay, bảo hiến là một trong những vấn đề về tổ chức quyền lực nhà nước đang được Đảng, Nh...

全面介绍

Đã lưu trong:
书目详细资料
主要作者: Bùi, Ngọc Sơn
格式: 图书
语言:Undetermined
出版: Hà Nội Tư pháp 2006
主题:
Law
标签: 添加标签
没有标签, 成为第一个标记此记录!
Thư viện lưu trữ: Trung tâm Học liệu Trường Đại học Cần Thơ
LEADER 01438nam a2200217Ia 4500
001 CTU_121004
008 210402s9999 xx 000 0 und d
020 |c 14500 
082 |a 340.597 
082 |b S464 
100 |a Bùi, Ngọc Sơn 
245 0 |a Bảo hiến ở Việt Nam 
245 0 |c Bùi Ngọc Sơn 
260 |a Hà Nội 
260 |b Tư pháp 
260 |c 2006 
520 |a Bảo hiến là bảo vệ Hiến pháp trước hành vi xâm phạm Hiến pháp của công quyền. Trong tiến trình xây dựng Nhà nước pháp quyền ở Việt Nam hiện nay, bảo hiến là một trong những vấn đề về tổ chức quyền lực nhà nước đang được Đảng, Nhà nước quan tâm. Đó là một hoạt động cần thiết để thực hiện các chuẩn mực của Nhà nước pháp quyền mà Việt Nam muốn hướng tới. Cuốn sách giúp bạn đọc hiểu rõ hơn về bảo hiến, chế độ bảo hiến ở Việt Nam, với mong muốn cung cấp thông tin về các mô hình bảo hiến, về cơ sở pháp lý và thực tiễn bảo hiến ở Việt Nam. 
650 |a Law 
650 |z Vietnam 
904 |i Hiếu 
980 |a Trung tâm Học liệu Trường Đại học Cần Thơ